[Event "2012(Zaozhuang-China) Asian Nations Chess Cup"]
[Site "ZaoZhuang, China"]
[Date "2012.05.19"]
[Round "3"]
[Board "2"]
[White "Ju, Wenjun"]
[Black "Zhang, Xiaowen"]
[Result "1/2-1/2"]
[WhiteElo "2529"]
[BlackElo "2385"]
[PlyCount "0"]
[EventDate "2012.05.17"]
[EventType "team"]
[EventRounds "9"]
[EventCountry "CHN"]
[WhiteTeam "China 1"]
[BlackTeam "China 2"]

1. d4 d6 2. Nf3 g6 3. c4 Bg7 4. Nc3 Nd7 5. g3 e5 6. Bg2 Ne7 7. O-O O-O 8. e4
exd4 9. Nxd4 Nc6 10. Nxc6 bxc6 11. Qc2 Qf6 12. Rb1 Re8 13. Be3 Ne5 14. Ne2 Nf3+
15. Kh1 g5 16. Ng1 g4 17. Bf4 Nh4 18. gxh4 Qxf4 19. Ne2 Qh6 20. f4 gxf3 21.
Bxf3 Qxh4 22. Ng3 Re5 23. Rg1 Kh8 24. b3 c5 25. Rbf1 Be6 26. Qd1 Rg5 27. Nf5
Rxg1+ 28. Rxg1 Bxf5 29. exf5 Be5 30. Qe2 Rg8 31. Rxg8+ Kxg8 32. Bd5 Kf8 33. Bc6
Ke7 34. Bb7 Kf6 35. Bd5 Qh3 36. Be4 Qh4 37. Bd5 Kxf5 38. Bxf7 Qe4+ 39. Qg2 Qb1+
40. Qg1 Qe4+ 41. Qg2 Qb1+ 42. Qg1 Qxa2 43. Bh5 Qa1 44. Bd1 Qd4 45. Bc2+ Kf6 46.
Bxh7 Qxg1+ 47. Kxg1 Bf4 48. Kf2 Ke5 49. Kf3 Bh6 50. Be4 Kd4 51. Bc6 a5 52. Ba4
d5 53. cxd5 Kxd5 54. Ke2 Kd4 55. Kd1 Kc3 56. h4 Bf4 57. h5 Bh6 58. Ke2 c4 59.
bxc4 Kxc4 60. Bc6 Kc3 61. Kd1 Kb3 62. Bd5+ Kc3 63. Bc6 Kb4 64. Kc2 Bg7 65. Kb1
Kc5 66. Be4 a4 67. Bf5 Kb4 68. Be4 c5 69. Bf5 c4 1/2-1/2

[Event "2012(Zaozhuang-China) Asian Nations Chess Cup"]
[Site "ZaoZhuang, China"]
[Date "2012.05.19"]
[Round "3"]
[Board "3"]
[White "Wang, Yu A"]
[Black "Huang, Qian"]
[Result "0-1"]
[WhiteElo "2375"]
[BlackElo "2417"]
[PlyCount "0"]
[EventDate "2012.05.17"]
[EventType "team"]
[EventRounds "9"]
[EventCountry "CHN"]
[WhiteTeam "China 2"]
[BlackTeam "China 1"]

1. e4 g6 2. d4 Bg7 3. Nc3 c6 4. Nf3 d6 5. Be3 Nd7 6. Qd2 Ngf6 7. h3 O-O 8. Bd3
e5 9. O-O Re8 10. dxe5 dxe5 11. Bc4 Qe7 12. Ng5 Rf8 13. a3 h6 14. Nf3 Nb6 15.
Bxb6 axb6 16. Rad1 b5 17. Bb3 Be6 18. Bxe6 Qxe6 19. Rfe1 Rfe8 20. Re3 Qe7 21.
Na2 Rad8 22. Qe2 Rxd1+ 23. Qxd1 Nd7 24. Qe1 Nc5 25. Nb4 Rd8 26. Nd3 Ne6 27. Qb4
Qc7 28. Re1 Nd4 29. Nxd4 Rxd4 30. Qc3 Kh7 31. g3 Qd6 32. Qb3 Qd7 33. Kg2 b6 34.
Re3 c5 35. Ne1 c4 36. Qb4 Qc6 37. f3 Kg8 38. Qe7 Rd2+ 39. Kf1 Bf6 40. Qb4 Qd7
41. g4 Bh4 42. Re2 Rd1 43. Kg2 Bxe1 44. Rxe1 Rd2+ 45. Kg3 Rxc2 46. a4 Qd4 47.
Rf1 Qe3 48. Qxb5 Qf4+ 49. Kh4 g5+ 0-1

[Event "2012(Zaozhuang-China) Asian Nations Chess Cup"]
[Site "ZaoZhuang, China"]
[Date "2012.05.19"]
[Round "3"]
[Board "4"]
[White "Ding, Yixin"]
[Black "Wang, Jue"]
[Result "1-0"]
[WhiteElo "2353"]
[BlackElo "2364"]
[PlyCount "0"]
[EventDate "2012.05.17"]
[EventType "team"]
[EventRounds "9"]
[EventCountry "CHN"]
[WhiteTeam "China 1"]
[BlackTeam "China 2"]

1. e4 c5 2. Nf3 d6 3. d4 cxd4 4. Nxd4 Nf6 5. Nc3 a6 6. h3 e6 7. g4 Be7 8. Bg2
Nfd7 9. Be3 Nc6 10. Qe2 Nxd4 11. Bxd4 O-O 12. O-O-O Qc7 13. f4 Rb8 14. g5 b5
15. Kb1 Nb6 16. a3 Nc4 17. f5 a5 18. f6 Bd8 19. fxg7 Re8 20. e5 dxe5 21. Be4
Kxg7 22. Qh5 Rh8 23. Ba7 Rb7 24. Bxb7 Bxb7 25. Nxb5 Qc8 26. Rhf1 Rf8 27. b3 Be7
28. Qe2 Bd5 29. bxc4 Qxc4 30. Qxe5+ Kg8 31. Nc3 Bxa3 32. Nxd5 exd5 33. Bd4 Qb5+
34. Ka1 1-0

[Event "2012(Zaozhuang-China) Asian Nations Chess Cup"]
[Site "ZaoZhuang, China"]
[Date "2012.05.19"]
[Round "3"]
[Board "1"]
[White "Khasanova, Flyura"]
[Black "Zhai, Mo"]
[Result "1/2-1/2"]
[WhiteElo "2318"]
[BlackElo "2248"]
[PlyCount "0"]
[EventDate "2012.05.17"]
[EventType "team"]
[EventRounds "9"]
[EventCountry "CHN"]
[WhiteTeam "Kazakhstan"]
[BlackTeam "China 3"]

1. e4 c5 2. Nf3 d6 3. d4 cxd4 4. Nxd4 Nf6 5. f3 Nc6 6. c4 g6 7. Nc3 Bg7 8. Be3
O-O 9. Qd2 Nxd4 10. Bxd4 Be6 11. Be2 a6 12. O-O Rc8 13. b3 Qa5 14. Rfd1 Rfe8
15. a3 Nd7 16. b4 Bxd4+ 17. Qxd4 Qb6 18. Nd5 Bxd5 19. exd5 Rc7 20. Kf2 Qxd4+
21. Rxd4 Rec8 22. Re1 Kf8 23. Bf1 Nb6 24. Rc1 Na4 25. Re1 Nb6 26. Rc1 Nd7 27.
Rb1 h5 28. f4 Nb6 29. c5 Nd7 30. c6 bxc6 31. Bxa6 Rb8 32. dxc6 Rxc6 33. Bd3 Rc3
34. a4 Ra3 35. a5 Ra2+ 36. Kf1 h4 37. a6 Ra4 38. f5 g5 39. Rd5 Ra3 40. b5 Nc5
41. Bc2 Ra2 42. Bb3 Nxb3 43. Rxb3 Rxa6 44. f6 Ra1+ 45. Kf2 exf6 46. Rxd6 Kg7
47. b6 g4 48. b7 Rc1 49. Ke3 Rc7 50. Rdb6 Kg6 51. R3b5 Rd7 52. Kf4 Rd4+ 53. Ke3
Rd7 54. Kf4 Rd4+ 55. Ke3 Rd7 56. Ke4 1/2-1/2

[Event "2012(Zaozhuang-China) Asian Nations Chess Cup"]
[Site "ZaoZhuang, China"]
[Date "2012.05.19"]
[Round "3"]
[Board "3"]
[White "Davletbayeva, Madina"]
[Black "Lei, Tingjie"]
[Result "0-1"]
[WhiteElo "2183"]
[BlackElo "2154"]
[PlyCount "0"]
[EventDate "2012.05.17"]
[EventType "team"]
[EventRounds "9"]
[EventCountry "CHN"]
[WhiteTeam "Kazakhstan"]
[BlackTeam "China 3"]

1. e4 c5 2. Nf3 Nc6 3. d4 cxd4 4. Nxd4 g6 5. c4 Bg7 6. Be3 Nf6 7. Nc3 d6 8. Be2
O-O 9. O-O Bd7 10. Nc2 Rc8 11. f3 Na5 12. Na3 Be6 13. Qa4 Nd7 14. Rab1 Bxc3 15.
bxc3 b6 16. Bd4 Nc5 17. Qd1 Qd7 18. Qd2 f6 19. Rb5 Na6 20. Rfb1 Bf7 21. h4 Rfd8
22. h5 e5 23. hxg6 hxg6 24. Bf2 Qe7 25. f4 d5 26. Nc2 dxe4 27. Qe3 Nxc4 28. Qg3
exf4 29. Qxf4 Nc7 30. Bd4 Rxd4 31. Nxd4 Nxb5 32. Nxb5 Qc5+ 33. Kh2 Kg7 34. Rf1
Rh8+ 35. Kg3 Qe3+ 36. Qxe3 Nxe3 37. Rb1 g5 38. Nxa7 Nf5+ 39. Kf2 e3+ 40. Ke1
Rh1+ 0-1

[Event "2012(Zaozhuang-China) Asian Nations Chess Cup"]
[Site "ZaoZhuang, China"]
[Date "2012.05.19"]
[Round "3"]
[Board "4"]
[White "Li, Xueyi"]
[Black "Ankudinova, Yelena"]
[Result "1-0"]
[WhiteElo "2082"]
[BlackElo "2137"]
[PlyCount "0"]
[EventDate "2012.05.17"]
[EventType "team"]
[EventRounds "9"]
[EventCountry "CHN"]
[WhiteTeam "China 3"]
[BlackTeam "Kazakhstan"]

1. d4 d5 2. c4 c6 3. Nc3 Nf6 4. Nf3 dxc4 5. a4 Bf5 6. Ne5 Nbd7 7. Nxc4 Qc7 8.
g3 Rd8 9. Bf4 Qc8 10. Bg2 Nc5 11. h3 Qe6 12. Ne3 Nb3 13. Nxf5 Nxa1 14. Ne3 Qb3
15. Qxa1 Rxd4 16. O-O e6 17. Qc1 Be7 18. Nc2 Rd7 19. e4 O-O 20. Be3 a5 21. Nd4
Qb4 22. Nde2 Rfd8 23. Qc2 g6 24. Kh2 Qc4 25. Rc1 Kg7 26. b3 Qb4 27. e5 Ne8 28.
Na2 Qa3 29. Nec3 Bf8 30. Bg5 f6 31. exf6+ Nxf6 32. Re1 Be7 33. Rxe6 Ng4+ 34.
hxg4 Bxg5 35. Nb1 Qf8 36. Nac3 Qf7 37. Re1 Bd2 38. Re2 Bxc3 39. Nxc3 Qf6 40.
Ne4 Qd4 41. Nc5 Qxg4 42. Nxd7 Rxd7 43. Qc3+ Kg8 44. Re8+ Kf7 45. Qh8 Qh5+ 46.
Bh3 Qh6 47. Qg8+ Kf6 48. Qe6+ 1-0

[Event "2012(Zaozhuang-China) Asian Nations Chess Cup"]
[Site "ZaoZhuang, China"]
[Date "2012.05.19"]
[Round "3"]
[Board "1"]
[White "Pham, Le Thao Nguyen"]
[Black "Harika, Dronavalli"]
[Result "1/2-1/2"]
[WhiteElo "2390"]
[BlackElo "2508"]
[PlyCount "0"]
[EventDate "2012.05.17"]
[EventType "team"]
[EventRounds "9"]
[EventCountry "CHN"]
[WhiteTeam "Vietnam"]
[BlackTeam "India"]

1. d4 Nf6 2. Nf3 d5 3. c4 e6 4. g3 Bb4+ 5. Bd2 Be7 6. Bg2 c6 7. Qc2 O-O 8. O-O
b6 9. Bg5 Nbd7 10. Nbd2 Ba6 11. Rfd1 Rc8 12. Rac1 Re8 13. e3 h6 14. Bxf6 Bxf6
15. Qb3 Bb7 16. e4 c5 17. exd5 exd5 18. dxc5 Nxc5 19. Qa3 d4 20. b4 Ne4 21.
Qxa7 Nxd2 22. Qxb7 Nxc4 23. Bf1 Nb2 24. Rxc8 Qxc8 25. Qxc8 Rxc8 26. Rd2 d3 27.
Bxd3 Bc3 28. Bf5 Bxd2 29. Bxc8 Bxb4 30. Ba6 Na4 31. Bc4 Bc3 32. Kf1 Kf8 33. Ng1
g5 34. Ne2 Be5 35. h3 Nc3 36. Nxc3 Bxc3 1/2-1/2

[Event "2012(Zaozhuang-China) Asian Nations Chess Cup"]
[Site "ZaoZhuang, China"]
[Date "2012.05.19"]
[Round "3"]
[Board "2"]
[White "Tania, Sachdev"]
[Black "Nguyen, Thi Thanh An"]
[Result "1/2-1/2"]
[WhiteElo "2417"]
[BlackElo "2301"]
[PlyCount "0"]
[EventDate "2012.05.17"]
[EventType "team"]
[EventRounds "9"]
[EventCountry "CHN"]
[WhiteTeam "India"]
[BlackTeam "Vietnam"]

1. d4 g6 2. c4 Bg7 3. Nc3 d6 4. e4 Nc6 5. Be3 e5 6. Nge2 exd4 7. Nxd4 Nge7 8.
Be2 O-O 9. O-O f5 10. exf5 Bxd4 11. Bxd4 Nxf5 12. Be3 Nxe3 13. fxe3 Be6 14. Qd2
Qg5 15. Nb5 Rxf1+ 16. Rxf1 Qe7 17. b3 Rf8 18. Rxf8+ Kxf8 19. Bf3 a6 20. Bxc6
bxc6 21. Nd4 c5 22. Ne2 Kg7 23. Nf4 Bf7 24. h3 Qe5 25. Nd3 Qa1+ 26. Kh2 h5 27.
Qa5 Qf1 28. Nf4 g5 29. Nd5 Bxd5 30. cxd5 Qf7 31. e4 Kg6 32. Qxa6 Qf4+ 33. Kg1
Qe3+ 34. Kh2 Qf4+ 35. Kg1 Qe3+ 36. Kh2 Qf4+ 1/2-1/2

[Event "2012(Zaozhuang-China) Asian Nations Chess Cup"]
[Site "ZaoZhuang, China"]
[Date "2012.05.19"]
[Round "3"]
[Board "3"]
[White "Nguyen, Thi Mai Hung"]
[Black "Gomes, Mary Ann"]
[Result "0-1"]
[WhiteElo "2237"]
[BlackElo "2378"]
[PlyCount "0"]
[EventDate "2012.05.17"]
[EventType "team"]
[EventRounds "9"]
[EventCountry "CHN"]
[WhiteTeam "Vietnam"]
[BlackTeam "India"]

1. d4 Nf6 2. Bf4 g6 3. e3 Bg7 4. Nf3 O-O 5. Be2 d6 6. O-O Nfd7 7. h3 e5 8. Bh2
Nc6 9. c4 f5 10. Nc3 Kh8 11. c5 dxc5 12. d5 Ne7 13. Qb3 h6 14. Rfd1 Ng8 15. Bb5
e4 16. Bxd7 exf3 17. Bxc8 Rxc8 18. Qxb7 Qg5 19. Bg3 fxg2 20. Qxa7 Qh5 21. Kxg2
g5 22. Qa4 Rb8 23. Bxc7 Rxb2 24. Rd3 f4 25. exf4 gxf4 26. Qd1 Qg6+ 27. Kf1 f3
28. Rxf3 Rxf3 29. Qxf3 Rc2 30. Rd1 Rxc3 31. Qg4 Qa6+ 32. Kg2 Nf6 33. Qf4 Qc8
34. Qh2 Qf5 35. Qf4 Qxh3+ 36. Kg1 Rf3 37. Qh2 Qd7 38. Bg3 Nxd5 39. Qg2 Qf5 40.
a4 Nc3 41. Rd8+ Kh7 42. Qf1 Bd4 43. Qa6 Rxg3+ 0-1

[Event "2012(Zaozhuang-China) Asian Nations Chess Cup"]
[Site "ZaoZhuang, China"]
[Date "2012.05.19"]
[Round "3"]
[Board "4"]
[White "Padmini, Rout"]
[Black "Hoang, Thi Nhu Y"]
[Result "1-0"]
[WhiteElo "2345"]
[BlackElo "2238"]
[PlyCount "0"]
[EventDate "2012.05.17"]
[EventType "team"]
[EventRounds "9"]
[EventCountry "CHN"]
[WhiteTeam "India"]
[BlackTeam "Vietnam"]

1. e4 d6 2. d4 g6 3. Nc3 Bg7 4. Be3 e5 5. dxe5 Bxe5 6. Qd2 Nc6 7. O-O-O Be6 8.
h3 Qd7 9. Nf3 Bg7 10. Nd4 Nge7 11. f4 a6 12. g4 f5 13. exf5 gxf5 14. Bg2 O-O-O
15. g5 Bf7 16. h4 Rhe8 17. Nxc6 Nxc6 18. Bxc6 Qxc6 19. Bd4 Bxd4 20. Qxd4 Bh5
21. Rde1 Bf3 22. Rhg1 Kb8 23. b3 b6 24. Kb2 Kb7 25. Rxe8 Rxe8 26. Rg3 Re1 27.
Qf2 1-0

[Event "2012(Zaozhuang-China) Asian Nations Chess Cup"]
[Site "ZaoZhuang, China"]
[Date "2012.05.19"]
[Round "3"]
[Board "1"]
[White "Batchimeg, Tuvshintugs"]
[Black "Khegay, Anjela"]
[Result "0-1"]
[WhiteElo "2363"]
[BlackElo "2184"]
[PlyCount "0"]
[EventDate "2012.05.17"]
[EventType "team"]
[EventRounds "9"]
[EventCountry "CHN"]
[WhiteTeam "Mongolia"]
[BlackTeam "Singapore"]

1. d4 Nf6 2. c4 g6 3. Nc3 Bg7 4. e4 d6 5. Nf3 O-O 6. Be2 e5 7. d5 a5 8. h3 Nh5
9. Nh2 Nf4 10. Bf3 Na6 11. g3 Nxh3 12. Bg4 Nc5 13. Be3 Ng5 14. Bxc8 Rxc8 15.
Qg4 Ngxe4 16. Nxe4 f5 17. Nxc5 fxg4 18. Ne6 Qf6 19. Nxg4 Qf3 20. Rh4 h5 21. Nh2
Qg2 22. Nf1 c6 23. dxc6 Rxc6 24. Nxf8 Bxf8 25. Rd1 Be7 26. Rh2 Qe4 27. b3 a4
28. Ke2 Qc2+ 29. Nd2 Qxa2 30. Rhh1 axb3 31. Ra1 Qc2 32. Rhc1 Qf5 33. Nxb3 Qg4+
34. Kd3 Bg5 35. Ra8+ Kf7 36. Bxg5 Qxg5 37. Ra7 Rb6 38. Nd2 Qg4 39. Ra3 Rb2 0-1

[Event "2012(Zaozhuang-China) Asian Nations Chess Cup"]
[Site "ZaoZhuang, China"]
[Date "2012.05.19"]
[Round "3"]
[Board "2"]
[White "Liu, Yang Hazel"]
[Black "Bayarmaa, Bayarjargal"]
[Result "0-1"]
[WhiteElo "2096"]
[BlackElo "2009"]
[PlyCount "0"]
[EventDate "2012.05.17"]
[EventType "team"]
[EventRounds "9"]
[EventCountry "CHN"]
[WhiteTeam "Singapore"]
[BlackTeam "Mongolia"]

1. d4 Nf6 2. c4 g6 3. Nf3 Bg7 4. Nc3 d6 5. e4 O-O 6. Be2 e5 7. O-O Nc6 8. d5
Ne7 9. Ne1 Ne8 10. Be3 f5 11. f3 f4 12. Bf2 g5 13. c5 Rf6 14. Nd3 h5 15. Rc1
Rg6 16. h3 Kh8 17. a4 Ng8 18. Nb5 a6 19. Na3 g4 20. hxg4 hxg4 21. fxg4 Qg5 22.
Be1 Nh6 23. Nf2 Qe7 24. cxd6 cxd6 25. Nc4 Rb8 26. Nb6 Bd7 27. Nxd7 Qxd7 28. Qc2
Bf6 29. b3 Bd8 30. a5 Nf6 31. Qd3 Qg7 32. Qh3 Kg8 33. Bb4 Nd7 34. Qc3 b6 35.
axb6 Bxb6 36. Ba5 Be3 37. Bc7 Rc8 38. Ra1 Nxg4 39. Bf3 Ndf6 40. Rxa6 Rxc7 0-1

[Event "2012(Zaozhuang-China) Asian Nations Chess Cup"]
[Site "ZaoZhuang, China"]
[Date "2012.05.19"]
[Round "3"]
[Board "3"]
[White "Lkhamsuren, Uuganbayar"]
[Black "Tay, Li Jin Jeslin"]
[Result "1-0"]
[WhiteElo "2139"]
[BlackElo "2080"]
[PlyCount "0"]
[EventDate "2012.05.17"]
[EventType "team"]
[EventRounds "9"]
[EventCountry "CHN"]
[WhiteTeam "Mongolia"]
[BlackTeam "Singapore"]

1. e4 c5 2. Nf3 d6 3. d4 cxd4 4. Nxd4 Nf6 5. Nc3 a6 6. h3 e6 7. g4 b5 8. Bg2
Bb7 9. O-O b4 10. Nd5 exd5 11. exd5 Be7 12. g5 Ng8 13. Re1 Qd7 14. c4 h6 15.
Nb3 hxg5 16. c5 a5 17. Bxg5 Kf8 18. Bf4 a4 19. c6 Nxc6 20. dxc6 Bxc6 21. Nc5
Qc8 22. Ne4 d5 23. Nd6 Qd7 24. Bxd5 Rd8 25. Rc1 Bxd5 26. Qxd5 Nh6 27. Rc6 g5
28. Bg3 Bf6 29. Qc5 Kg7 30. Rc7 Qxh3 31. Qc4 Qh5 32. b3 axb3 33. axb3 Rdf8 34.
Qd5 Ng4 35. Qf3 Qh3 36. Qg2 Qh5 37. Qf3 Qh3 38. Qg2 Qh7 39. Qf3 Qh5 40. Rc4 Ne5
41. Qxh5 Rxh5 42. Bxe5 Bxe5 43. Rxe5 Rfh8 44. Kf1 Ra8 45. Rxb4 Ra1+ 46. Kg2 Kg6
47. Rb6 Rah1 48. Ne8+ 1-0

[Event "2012(Zaozhuang-China) Asian Nations Chess Cup"]
[Site "ZaoZhuang, China"]
[Date "2012.05.19"]
[Round "3"]
[Board "4"]
[White "Chan, Wei Yi Victoria"]
[Black "Saikhanzaya, Ganbaatar"]
[Result "0-1"]
[WhiteElo "1947"]
[BlackElo "1868"]
[PlyCount "0"]
[EventDate "2012.05.17"]
[EventType "team"]
[EventRounds "9"]
[EventCountry "CHN"]
[WhiteTeam "Singapore"]
[BlackTeam "Mongolia"]

1. d4 d5 2. c4 c6 3. Nf3 Nf6 4. Nc3 e6 5. e3 Bd6 6. b3 O-O 7. Bb2 Nbd7 8. Bd3
dxc4 9. bxc4 e5 10. O-O Re8 11. Qc2 exd4 12. exd4 Nf8 13. Rfe1 Be6 14. h3 Ng6
15. Ng5 Bd7 16. Nge4 Bf4 17. d5 Nxe4 18. Bxe4 Qg5 19. Kh1 Qh4 20. Qd3 Ne5 21.
Qf1 Ng4 22. Nd1 f5 23. dxc6 bxc6 24. g3 Nxf2+ 25. Nxf2 Qxg3 26. Qg2 fxe4 27.
Nxe4 Qxh3+ 28. Qxh3 Bxh3 29. Nf2 Bf5 30. Rg1 g6 31. Rae1 Bd2 32. Rxe8+ Rxe8 33.
Kg2 Kf7 34. Rd1 Bf4 35. Rh1 h5 36. Bd4 Be3 37. Bc3 Bc5 38. Kf1 Re3 39. Bb2 Rf3
40. Rh2 Bd3+ 41. Ke1 Bxc4 42. Nh3 Be3 43. Rh1 Bxa2 44. Ke2 Bd5 45. Rh2 Rg3 46.
Be5 Bc4+ 47. Kd1 Rf3 48. Rh1 Ke6 49. Bb2 Rf1+ 0-1

[Event "2012(Zaozhuang-China) Asian Nations Chess Cup"]
[Site "ZaoZhuang, China"]
[Date "2012.05.19"]
[Round "3"]
[Board "1"]
[White "Irine, Kharisma Sukandar"]
[Black "Pourkashiyan, Atousa"]
[Result "1-0"]
[WhiteElo "2288"]
[BlackElo "2336"]
[PlyCount "0"]
[EventDate "2012.05.17"]
[EventType "team"]
[EventRounds "9"]
[EventCountry "CHN"]
[WhiteTeam "Indonesia"]
[BlackTeam "Iran"]

1. e4 c5 2. Nf3 e6 3. d4 cxd4 4. Nxd4 a6 5. Bd3 Nf6 6. O-O Qc7 7. Kh1 Bc5 8.
Nb3 Be7 9. f4 d6 10. Be3 Nbd7 11. Qf3 O-O 12. c4 b6 13. Nc3 Bb7 14. Qh3 Rfe8
15. a4 a5 16. Rae1 Rad8 17. Nd4 g6 18. Ndb5 Qb8 19. Bc2 Nc5 20. f5 Qc8 21. Bg5
exf5 22. exf5 Nfe4 23. Nxe4 Nxe4 24. Bxe4 Bxg5 25. Bxb7 Rxe1 26. Rxe1 Qxb7 27.
fxg6 fxg6 28. Qg4 Bf6 29. Rf1 Qe7 30. b3 Rf8 31. Qf3 Kg7 32. h3 Be5 33. Qxf8+
Qxf8 34. Rxf8 Kxf8 35. g4 Ke7 36. Kg2 Kd7 37. Kf3 Kc6 38. Ke4 h6 39. Na3 Kc5
40. Nc2 Bg7 41. h4 Bf6 42. h5 gxh5 43. gxh5 Bg5 44. Nd4 Bc1 45. Ne2 Bd2 46. Kd3
Be1 47. Nf4 Kb4 48. Kc2 Ka3 49. Nd5 Bf2 50. Ne7 Be3 51. Nc8 Bc5 52. Na7 Ka2 53.
Nb5 Ka1 54. Nc3 Bd4 55. Nd5 Ka2 56. Kd3 Bf2 57. Kc3 Ka3 58. Kc2 Bd4 59. Ne7 Be3
60. Nf5 Bf4 61. Nd4 Be3 62. Nb5+ Kb4 63. Nxd6 Bf4 64. Nf5 Bg5 65. Nd4 Bf4 66.
Ne2 Be3 67. Nc3 Bf2 68. Nd5+ Ka3 69. Ne7 Bh4 70. Nf5 Bg5 71. c5 bxc5 72. Kc3
Bf4 73. Kc4 Bd2 74. Nd6 Kb2 75. Ne4 Bb4 76. Nxc5 Ka3 77. Ne6 Be1 78. Nd4 Bd2
79. Nc2+ Kb2 80. Nd4 Ka3 81. Kb5 Kb2 82. Nc6 Kxb3 83. Nxa5+ Kc3 84. Nc4 Be1 85.
a5 Bf2 86. Nb6 Bg3 87. a6 Bb8 88. Kc6 Kb4 89. Kb7 Kb5 90. Nd7 1-0

[Event "2012(Zaozhuang-China) Asian Nations Chess Cup"]
[Site "ZaoZhuang, China"]
[Date "2012.05.19"]
[Round "3"]
[Board "2"]
[White "Khademalsharieh, Sarasadat"]
[Black "Medina, Warda Aulia"]
[Result "0-1"]
[WhiteElo "2284"]
[BlackElo "2172"]
[PlyCount "0"]
[EventDate "2012.05.17"]
[EventType "team"]
[EventRounds "9"]
[EventCountry "CHN"]
[WhiteTeam "Iran"]
[BlackTeam "Indonesia"]

1. d4 d5 2. c4 Nc6 3. Nc3 Nf6 4. Bg5 Ne4 5. Nxe4 dxe4 6. d5 Nb8 7. Qd4 Bf5 8.
O-O-O f6 9. Bf4 e6 10. g4 Bxg4 11. Qxe4 Bf5 12. Qf3 Qe7 13. e4 Bg6 14. e5 fxe5
15. Bxe5 exd5 16. Qc3 Nc6 17. Bd4 O-O-O 18. cxd5 Nxd4 19. Rxd4 Qf6 20. Bh3+ Kb8
21. Nf3 Bd6 22. Re1 Rhf8 23. Re3 Bf4 24. Rxf4 Qxc3+ 25. Rxc3 Rxf4 26. Be6 Bf5
27. Re3 Bxe6 0-1

[Event "2012(Zaozhuang-China) Asian Nations Chess Cup"]
[Site "ZaoZhuang, China"]
[Date "2012.05.19"]
[Round "3"]
[Board "3"]
[White "Chelsie, Monica Sihite"]
[Black "Ghader Pour, Shayesteh"]
[Result "0-1"]
[WhiteElo "2181"]
[BlackElo "2241"]
[PlyCount "0"]
[EventDate "2012.05.17"]
[EventType "team"]
[EventRounds "9"]
[EventCountry "CHN"]
[WhiteTeam "Indonesia"]
[BlackTeam "Iran"]

1. e4 c5 2. Nf3 d6 3. d4 cxd4 4. Nxd4 Nf6 5. Nc3 a6 6. Be3 e5 7. Nb3 Be6 8. f4
Qc7 9. h3 exf4 10. Bxf4 Nc6 11. Qe2 Be7 12. g4 Ne5 13. Qg2 Rc8 14. O-O-O O-O
15. Nd4 Qa5 16. Nf5 Bxf5 17. gxf5 Rxc3 18. bxc3 Qxc3 19. Rd3 Nxd3+ 20. Bxd3 Nd7
21. Kd1 Ne5 22. Bd2 Qd4 23. Qg1 Qb2 24. Ke2 Rc8 25. Qb1 Nxd3 26. Kxd3 Qe5 27.
Qxb7 Rd8 28. c4 Bf6 29. Qb6 g6 30. Rg1 Kg7 31. Qe3 Rb8 32. fxg6 hxg6 33. Rc1
Qh5 34. Rf1 Rb7 35. Rf2 Be5 36. Rf1 Rb2 37. c5 dxc5 38. Qxc5 Rxd2+ 0-1

[Event "2012(Zaozhuang-China) Asian Nations Chess Cup"]
[Site "ZaoZhuang, China"]
[Date "2012.05.19"]
[Round "3"]
[Board "4"]
[White "Hejazipour, Mitra"]
[Black "Virda, Rizka Aulia"]
[Result "1-0"]
[WhiteElo "2223"]
[BlackElo "1769"]
[PlyCount "0"]
[EventDate "2012.05.17"]
[EventType "team"]
[EventRounds "9"]
[EventCountry "CHN"]
[WhiteTeam "Iran"]
[BlackTeam "Indonesia"]

1. d4 e6 2. Nf3 Nf6 3. e3 c5 4. Bd3 Be7 5. c4 b6 6. Nc3 Bb7 7. O-O O-O 8. d5 d6
9. e4 e5 10. Ne2 Bc8 11. a3 Re8 12. b4 Nbd7 13. Nd2 cxb4 14. axb4 a5 15. Bc2
Qc7 16. bxa5 bxa5 17. Ba4 Ba6 18. Bc6 Bb7 19. Bb5 Red8 20. Nc3 Nc5 21. Ba3 Nfd7
22. Na4 Nxa4 23. Qxa4 Nb6 24. Qb3 Bc8 25. Bc6 Rb8 26. Qc3 Bd7 27. Bxd7 Nxd7 28.
Rfb1 Rxb1+ 29. Rxb1 Rb8 30. Rxb8+ Nxb8 31. Nb3 a4 32. Nc1 Na6 33. Nd3 Qb6 34.
Qb2 Qb3 35. Qxb3 axb3 36. Kf1 Kf8 37. Ke2 Ke8 38. Kd2 Kd7 39. Kc3 b2 40. Kxb2
f6 41. Kb3 g6 42. Ka4 f5 43. f3 Nc7 44. c5 fxe4 45. fxe4 Ne8 46. c6+ Kd8 47.
Kb5 Nf6 48. Kb6 Kc8 49. c7 Nxe4 50. Nxe5 Nf6 51. Kc6 Ne8 52. Nc4 Nxc7 53. Bxd6
Bxd6 54. Nxd6+ Kb8 55. Nf7 1-0

[Event "2012(Zaozhuang-China) Asian Nations Chess Cup"]
[Site "ZaoZhuang, China"]
[Date "2012.05.20"]
[Round "4"]
[Board "2"]
[White "Khademalsharieh, Sarasadat"]
[Black "Ju, Wenjun"]
[Result "1-0"]
[WhiteElo "2284"]
[BlackElo "2529"]
[PlyCount "0"]
[EventDate "2012.05.17"]
[EventType "team"]
[EventRounds "9"]
[EventCountry "CHN"]
[WhiteTeam "Iran"]
[BlackTeam "China 1"]

1. d4 Nf6 2. Nf3 g6 3. c4 Bg7 4. Nc3 O-O 5. e4 d6 6. h3 e5 7. d5 Na6 8. Bg5 Qe8
9. g4 Nd7 10. h4 f5 11. gxf5 gxf5 12. Rg1 Kh8 13. Be3 Nf6 14. Bh3 f4 15. Bxc8
fxe3 16. Bf5 exf2+ 17. Kxf2 Bh6 18. Qe2 Qh5 19. Rg2 Rg8 20. Rag1 Rxg2+ 21. Rxg2
Rg8 22. Rxg8+ Nxg8 23. c5 Nxc5 24. b4 Na6 25. Qb5 Ne7 26. Be6 Bc1 27. Qxb7 Qh6
28. Nd1 Qg6 29. Qxa6 Qxe4 30. Qa4 c6 31. dxc6 Qxc6 32. Qxc6 Nxc6 33. b5 Nb4 34.
Ke2 Kg7 35. Nc3 Kf6 36. Bg8 h6 37. Nd5+ Nxd5 38. Bxd5 Ba3 39. Nd2 Kf5 40. Kf3
Bb4 41. Nc4 Kg6 42. Ne3 Be1 43. Ng2 Bb4 44. a4 Ba5 45. Ne3 Bb4 46. Nc4 Kh5 47.
a5 Bc5 48. a6 Kxh4 49. b6 1-0

[Event "2012(Zaozhuang-China) Asian Nations Chess Cup"]
[Site "ZaoZhuang, China"]
[Date "2012.05.20"]
[Round "4"]
[Board "3"]
[White "Shen, Yang"]
[Black "Ghader Pour, Shayesteh"]
[Result "1-0"]
[WhiteElo "2419"]
[BlackElo "2241"]
[PlyCount "0"]
[EventDate "2012.05.17"]
[EventType "team"]
[EventRounds "9"]
[EventCountry "CHN"]
[WhiteTeam "China 1"]
[BlackTeam "Iran"]

1. d4 Nf6 2. c4 e6 3. Nf3 Bb4+ 4. Bd2 a5 5. g3 d6 6. Bg2 Nbd7 7. O-O e5 8. Nc3
O-O 9. Qc2 Qe7 10. a3 Bxc3 11. Bxc3 e4 12. Nd2 Re8 13. e3 c6 14. Rae1 d5 15. f3
Nf8 16. b4 exf3 17. Rxf3 Bg4 18. Rf2 axb4 19. Bxb4 Qd7 20. e4 Nxe4 21. Nxe4
dxe4 22. Rxe4 Rxe4 23. Qxe4 Re8 24. Qf4 Bh5 25. d5 cxd5 26. Bxd5 b5 27. Qg5 Bg6
28. c5 Ne6 29. Qd2 Rd8 30. Bxe6 Qxd2 31. Bxf7+ Bxf7 32. Bxd2 Bd5 33. Bg5 Rd7
34. Bf4 Bc6 35. Re2 Kf7 36. Bd6 Ra7 37. Re3 g6 38. Kf2 Kf6 39. Ke1 Ra8 40. Kd2
Re8 41. Rd3 Ke6 42. Bf4 Kf7 43. Rd6 Re6 44. Rd3 Re8 45. Kc3 Re7 46. Kb4 Rd7 47.
Bd6 Ra7 48. Kb3 Rb7 49. Re3 Ra7 50. g4 Bd5+ 51. Kb2 Bc6 52. g5 Bd5 53. Re5 Bc6
54. Re2 Rb7 55. Rf2+ Ke6 56. Rf6+ Kd5 57. Bf8 Be8 58. Rd6+ Kc4 59. Re6 Bf7 60.
Re4+ Kd5 61. Rh4 Be6 62. Kc3 Kc6 63. Re4 Bd5 64. Re8 Rf7 65. Bd6 Ra7 66. Kb2
Bc4 67. Rc8+ Kd7 68. Rb8 Kc6 69. Rb6+ Kd5 70. Bf8 Rf7 71. Rf6 Ra7 72. Rd6+ Ke5
73. Rd8 Bd5 74. Bd6+ Ke6 75. Re8+ Kf7 76. Rb8 Rb7 77. Rc8 Ke6 78. Kc3 Ra7 79.
Re8+ Kf7 80. Rf8+ Kg7 81. Rc8 Ra4 82. Rc7+ Kg8 83. Be5 Rc4+ 84. Kd3 Be4+ 85.
Ke3 Bf5 86. Bd4 Ra4 87. Rg7+ Kf8 88. Rxh7 Rxa3+ 89. Kf4 Rh3 90. Rb7 Rxh2 91.
Rxb5 Re2 92. Be3 Ke7 93. Rb6 Kd7 94. Rf6 Bb1 95. c6+ Kc8 96. Kf3 Re1 97. Kf2
Rh1 98. Bf4 Rh8 99. Ke3 Kd8 100. Rf7 Re8+ 101. Kd4 Bf5 102. Kc5 Re4 103. Bd6
Re8 104. Kb6 Kc8 105. Be5 Bg4 106. Rc7+ Kd8 107. Bf6+ 1-0